Las masacres en Rabinal : estudio histórico antropológico de las masacres de Plan de Sánchez, Chichupac y Río Negro /
Saved in:
| Corporate Author: | |
|---|---|
| Format: | Book |
| Language: | Spanish |
| Published: |
[Guatemala] :
Equipo de Antropología Forense de Guatemala,
1997.
|
| Edition: | 2a. ed., rev. y ampliada. |
| Subjects: | |
| Tags: |
Add Tag
No Tags, Be the first to tag this record!
|
| LEADER | 01380nam a2200337Ia 4500 | ||
|---|---|---|---|
| 001 | 007701845-1 | ||
| 005 | 20090713015342.0 | ||
| 008 | 970822s1997 gt ab b 000 0 spa d | ||
| 035 | 0 | |a ocm37516673 | |
| 040 | |a LRU |c LRU |d TOZ | ||
| 043 | |a ncgt--- | ||
| 090 | |a HV6433.G8 |b M37 1997 | ||
| 245 | 0 | 4 | |a Las masacres en Rabinal : |b estudio histórico antropológico de las masacres de Plan de Sánchez, Chichupac y Río Negro / |c EAFG. |
| 250 | |a 2a. ed., rev. y ampliada. | ||
| 260 | |a [Guatemala] : |b Equipo de Antropología Forense de Guatemala, |c 1997. | ||
| 300 | |a 347 p. : |b ill. (some col.), maps ; |c 21 cm. | ||
| 504 | |a Includes bibliographical references (p. 339-347). | ||
| 650 | 0 | |a Achi Indians |x Government relations. | |
| 650 | 0 | |a State-sponsored terrorism |z Guatemala |z Rabinal. | |
| 650 | 0 | |a Victims of state-sponsored terrorism |z Guatemala |z Rabinal. | |
| 650 | 0 | |a Massacres |z Guatemala |z Rabinal. | |
| 650 | 0 | |a Violence |z Guatemala |z Rabinal. | |
| 650 | 0 | |a Civil-military relations |z Guatemala |z Rabinal. | |
| 650 | 0 | |a Counterinsurgency |z Guatemala |z Rabinal. | |
| 650 | 0 | |a Indians, Treatment of |z Guatemala |z Rabinal. | |
| 651 | 0 | |a Guatemala |x Politics and government |y 1985- | |
| 651 | 0 | |a Guatemala |x Politics and government |y 1945-1985. | |
| 651 | 0 | |a Rabinal (Guatemala) |x History. | |
| 710 | 2 | |a Equipo de Antropología Forense de Guatemala. | |
| 988 | |a 20020608 | ||
| 906 | |0 OCLC | ||


